00585 2200241 4500001002100000005001500021035002000036007000300056008004100059020001800100082000800118084001400126100001300140245004200153250000600195260003500201300002600236600001700262990001600279990001600295990001600311990001600327INLIS00000000000238420260212094558 a0010-0226000072ta260212 0 ind  a979-3307-05-6 a813 a813 LUT t0 aLuturmas1 aTumbuh Mekar Di pancasila /cLuturmas a- aJakarta :bDian Ariesta,c2002 a- :bIlus ;c21 cme- 4akesusastraan a59.530/2002 a59-529/2002 a59-596/2002 a59-597/2002